<?xml version="1.0" encoding="UTF-8"?><?xml-stylesheet type="text/xsl" href="static/style.xsl"?><OAI-PMH xmlns="http://www.openarchives.org/OAI/2.0/" xmlns:xsi="http://www.w3.org/2001/XMLSchema-instance" xsi:schemaLocation="http://www.openarchives.org/OAI/2.0/ http://www.openarchives.org/OAI/2.0/OAI-PMH.xsd"><responseDate>2026-04-17T20:44:30Z</responseDate><request verb="GetRecord" identifier="oai:riubu.ubu.es:10259/10835" metadataPrefix="marc">https://riubu.ubu.es/oai/request</request><GetRecord><record><header><identifier>oai:riubu.ubu.es:10259/10835</identifier><datestamp>2025-09-03T22:00:51Z</datestamp><setSpec>com_10259_2699</setSpec><setSpec>col_10259_2707</setSpec></header><metadata><record xmlns="http://www.loc.gov/MARC21/slim" xmlns:doc="http://www.lyncode.com/xoai" xmlns:xsi="http://www.w3.org/2001/XMLSchema-instance" xmlns:dcterms="http://purl.org/dc/terms/" xsi:schemaLocation="http://www.loc.gov/MARC21/slim http://www.loc.gov/standards/marcxml/schema/MARC21slim.xsd">
<leader>00925njm 22002777a 4500</leader>
<datafield tag="042" ind1=" " ind2=" ">
<subfield code="a">dc</subfield>
</datafield>
<datafield tag="720" ind1=" " ind2=" ">
<subfield code="a">González Moreno, Sara</subfield>
<subfield code="e">author</subfield>
</datafield>
<datafield tag="260" ind1=" " ind2=" ">
<subfield code="c">2025</subfield>
</datafield>
<datafield tag="520" ind1=" " ind2=" ">
<subfield code="a">Esta Tesis Doctoral evalúa la viabilidad técnica y ambiental de la reutilización de residuos&#xd;
industriales de poliuretano, específicamente provenientes de paneles aislantes para techos como&#xd;
sustituto parcial del árido en la producción de prefabricados de cemento, centrándose en&#xd;
adoquines, baldosas para solados y bloques estructurales.&#xd;
El estudio se estructura en una fase experimental en la que se caracterizan las materias primas,&#xd;
se diseñan mezclas con distintas proporciones de sustitución y se fabrican prototipos bajo&#xd;
normativas europeas. Se han analizado propiedades físico-mecánicas como densidad aparente,&#xd;
resistencia a compresión y flexión, permeabilidad, comportamiento hídrico, reacción al fuego y&#xd;
resistencia al desgaste, así como ensayos de envejecimiento acelerado frente a ciclos de hielodeshielo y cristalización salina.&#xd;
Desde un enfoque ambiental, el Análisis del Ciclo de Vida (ACV) ha evidenciado una reducción&#xd;
significativa en la huella de carbono y en el consumo energético asociado a la producción de&#xd;
estos materiales. Para la validación en condiciones reales, se ha llevado a cabo la instalación de&#xd;
un demostrador y una prueba piloto de industrialización en fábrica, obteniendo resultados&#xd;
favorables en términos de resistencia mecánica, durabilidad y desempeño estructural.&#xd;
Los hallazgos de esta investigación refuerzan la viabilidad de la valorización de residuos&#xd;
poliméricos en la construcción, promoviendo la economía circular y la sostenibilidad del sector.</subfield>
</datafield>
<datafield tag="024" ind2=" " ind1="8">
<subfield code="a">https://hdl.handle.net/10259/10835</subfield>
</datafield>
<datafield tag="024" ind2=" " ind1="8">
<subfield code="a">10.36443/10259/10835</subfield>
</datafield>
<datafield ind1=" " ind2=" " tag="653">
<subfield code="a">Residuos de poliuretano</subfield>
</datafield>
<datafield ind1=" " ind2=" " tag="653">
<subfield code="a">Prefabricados de cemento</subfield>
</datafield>
<datafield ind1=" " ind2=" " tag="653">
<subfield code="a">Resistencia mecánica</subfield>
</datafield>
<datafield ind1=" " ind2=" " tag="653">
<subfield code="a">Durabilidad</subfield>
</datafield>
<datafield ind1=" " ind2=" " tag="653">
<subfield code="a">Análisis del Ciclo de Vida (ACV)</subfield>
</datafield>
<datafield tag="245" ind1="0" ind2="0">
<subfield code="a">Prefabricados de cemento aligerados con residuos poliméricos industriales</subfield>
</datafield>
</record></metadata></record></GetRecord></OAI-PMH>